000
00288nam a22001337a 4500
020
_a
978-1-8442-2405-0
082
_a
823
_b
HIL/T
100
_a
HILL, ERIC
245
_a
TIME FOR BED, SPOT
260
_a
LINDON
_b
LADY BIRD
300
_a
29
650
_a
ENGLISH SHORT STORY
_z
UK
942
_c
BK
999
_c
2638
_d
2638